GENOME THE AUTOBIOGRAPHY OF A SPECIES (Record no. 14191)

MARC details
000 -LEADER
fixed length control field 00272nam a22001217a 4500
003 - CONTROL NUMBER IDENTIFIER
control field SGT
082 ## - DEWEY DECIMAL CLASSIFICATION NUMBER
Classification number 616.024
Item number G99R
100 ## - MAIN ENTRY--PERSONAL NAME
Personal name RIDLEY,MATT
245 ## - TITLE STATEMENT
Title GENOME THE AUTOBIOGRAPHY OF A SPECIES
260 ## - PUBLICATION, DISTRIBUTION, ETC. (IMPRINT)
Place of publication, distribution, etc LONDON
Name of publisher, distributor, etc FOURTH ESTATE
Year of Publication 1999
300 ## - PAGE DESCRIPTION
No. of Pages 344
942 ## - ADDED ENTRY ELEMENTS (KOHA)
Source of classification or shelving scheme Dewey Decimal Classification
Koha item type Books
Holdings
Withdrawn status Lost status Source of classification or shelving scheme Damaged status Not for loan Collection code Home library Current library Shelving location Date acquired Vendor Name SGTU Total Checkouts Full call number Accession No. (Barcode) Date last seen Koha item type
    Dewey Decimal Classification     MEDICAL SGT Medical Library SGT Medical Library Reference Book 23/12/2017 ABC DELHI SGTU   616.024 G99R FM9095 29/05/2018 Books